| 000 | 00778 a2200157 4500 | ||
|---|---|---|---|
| 003 | Nust | ||
| 005 | 20221221113455.0 | ||
| 040 | _cNust | ||
| 082 | _a158, DUN | ||
| 100 |
_aKnight Dunlap _9105500 |
||
| 245 |
_aCivilized Life _bThe Principles and Application of Social Psychology _cKnight Dunlap |
||
| 260 |
_alondon _bGeorge Allen _c1934 |
||
| 300 | _aix,374p; | ||
| 505 | _aThe Basis of Social Psychology (Page-1), Races and Civilization (Page-41), Desire (Page-61), Sex Differences (Page-107), Marriage and Family (Page-134), The Childs as Member of the Groups (Page-183), Religious Organization (Page-194), Political Organization (Page-229), Social Progress and Eugenics (Page-254), The Principles of Social Functions (Page-299), Propagation (Page-351). | ||
| 942 |
_2ddc _cBK |
||
| 999 |
_c193814 _d193814 |
||